Parki Narodowe w Polsce - Statystyki

Ogólne statystyki
  • Ten quiz został rozwiązany 64 razy
  • Średni wynik to 14 z 23
Statystyki odpowiedzi
Siedziba Parku Inne większe miejscowości Nazwa Parku % Poprawnych
Zakopane Kościelisko, Murzasichle Tatrzański Park Narodowy
86%
Białowieża Hajnówka, Narewka, Dubicze Cerkiewne Białowieski Park Narodowy
85%
Ojców Skała, Jerzmanowice, Sułoszowa Ojcowski Park Narodowy
83%
Smołdzino Łeba, Kluki, Czołpino Słowiński Park Narodowy
76%
Międzyzdroje Wolin, Wisełka, Wapnica Woliński Park Narodowy
76%
Ustrzyki Górne Brzegi Górne, Wołosate, Tarnawa Niżna Bieszczzadzki Park Narodowy
71%
Izabelin C Warszawa, Łomianki, Kampinos, Leszno, Sochaczew, Czerwińsk nad Wisłą, Czosnów, Palmiry Kampinoski Park Narodowy
71%
Jelenia Góra Karpacz, Szklarska Poręba, Piechowice, Podgórzyn, Przesieka Karkonoski Park Narodowy
69%
Osowiec-Twierdza Goniądz, Tykocin, Dobarz, Dolistowo Stare, Trzcianne Biebrzański Park Narodowy
68%
Chyrzyno Kostrzyn nad Odrą, Słońsk, Górzyca Park Narodowy Ujście Warty
64%
Kudowa-Zdrój Szczytna, Duszniki-Zdrój, Radków, Wambierzyce, Karłów, Pasterka Park Narodowy Gór Stołowych
58%
Bodzentyn Nowa Słupia, Bieliny, Święta Katarzyna Świętokrzyski Park Narodowy
58%
Krzywe Suwałki, Wigry, Płociczno-Tartak, Wigierski Park Narodowy
58%
Zawoja Nie ma żadnej innej dużej miejscowości Babiogórski Park Narodowy
56%
Zwierzyniec Tereszpol-Zaorenda, Wólka Wieprzecka Roztoczański Park Narodowy
54%
Krempna Uście Gorlickie, Kwiatoń, Konieczna Magurski Park Narodowy
51%
Krościenko nad Dunajcem Szczawnica, Czorsztyn, Niedzica, Sromowce Wyżne, Sromowce Niżne, Grywałd Pieniński Park Narodowy
51%
Drawno Człopa, Głusko Drawieński Park Narodowy
49%
Charzykowy Swornegacie, Konarzyny, Męcikał Park Narodowy Bory Tucholskie
49%
Mosina Puszczykowo, Krosinko Wielkopolski Park Narodowy
47%
Poręba Wielka Ochotnica Dolna, Ochotnica Górna, Kamienica, Klikuszowa Gorczański Park Narodowy
42%
Kurowo Łapy, Suraż, Uhowo Narwiański Park Narodowy
42%
Urszulin Sosnowica, Stary Brus Poleski Park Narodowy
37%
Nie znaleziono quizów pasujących do podanych kryteriów
Rozkład punktacji
Procent ludzi z każdym wynikiem
Percentyl według liczby udzielonych odpowiedzi
Twoja historia wyników
Nie rozwiązałeś tego quizu